| 000 | 01390cam a22003737a 4500 | ||
|---|---|---|---|
| 003 | CHAP | ||
| 005 | 20231010062648.0 | ||
| 008 | 980506d1996 mx r 00010 spa d | ||
| 010 | _a75465 | ||
| 011 | _a76437 | ||
| 035 | _a86022 | ||
| 040 | _cCHAP | ||
| 090 | _aFolleto 14303 (1995) | ||
| 100 | 0 | 0 |
_aSandoval Guerrero, Margarita _ecomp. _9102132 |
| 245 | 1 | 0 |
_aLista preliminar de publicaciones seriadas agropecuarias mexicanas corrientes _c/comp. por Margarita Sandoval Guerrero |
| 250 | _aEd. rev. | ||
| 260 |
_aChapingo, Méx. : _bUACH. Biblioteca Central, _c1996. |
||
| 300 | _a24 h. | ||
| 590 |
_aBATCH-UPD _b10 _c20130110 _lUCH01 _h0213 |
||
| 590 |
_aBATCH-UPD _b10 _c20130110 _lUCH01 _h0933 |
||
| 590 |
_aBATCH-UPD _b10 _c20130409 _lUCH01 _h2229 |
||
| 590 |
_aBATCH-UPD _b10 _c20130410 _lUCH01 _h1237 |
||
| 590 |
_aBATCH-UPD _b10 _c20130913 _lUCH01 _h2113 |
||
| 590 |
_aCONVERSION _b10 _c20130109 _lUCH01 _h1341 |
||
| 650 | 1 | 7 |
_aAgricultura _xPublicaciones periódicas _2 _91772 |
| 650 | 1 | 4 |
_aPublicaciones periódicas mexicanas _xBibliografía. _992729 |
| 650 | 1 | 4 |
_aPublicaciones seriadas. _992730 |
| 901 | _aBK | ||
| 905 | _aAlejandra Carrasco M. | ||
| 942 | _cFOLL | ||
| 949 |
_aFolleto 14303 (1995) _bBC _cFOLL _d860221 _eTS1 _i86022 _sb |
||
| 949 |
_aFolleto 14303 (1995) _bBC _cFOLL _d860222 _eTS2 _fc.2 _i86022 _sb |
||
| 949 |
_aFolleto 14303 (1995) _bBC _cUACH _d860223 _eUACH _fc.3 _i86022 _sb |
||
| 999 |
_c75465 _d75465 |
||